Системный анализ и исследование операций: учебное пособие

Bibliographic Details
Main Author: Черников Ю. Г. Юрий Георгиевич
Corporate Author: Московский государственный горный университет
Summary:Изложено введение в системный анализ и методологию исследования операций. Рассмотрены основные разделы исследования операций: линейное, целочисленное и динамическое программирование, теория игр и транспортные задачи линейного программирования. Приведены примеры решения задач с использованием современных пакетов прикладных программ, Java Applets и без их применения. Дано решение задач линейного программирования с использованием языка моделирования AMPL. Для студентов, обучающихся по направлениям 552800 и 230100 «Информатика и вычислительная техника» по специальности 230102 «Автоматизированные системы обработки информации и управления».
Language:Russian
Published: Москва, Изд-во МГГУ, 2006
Series:Высшее горное образование
Subjects:
Format: Book
KOHA link:https://koha.lib.tpu.ru/cgi-bin/koha/opac-detail.pl?biblionumber=106404

MARC

LEADER 00000nam0a2200000 4500
001 106404
005 20231031114908.0
010 |a 5741804241 
035 |a (RuTPU)RU\TPU\book\114825 
090 |a 106404 
100 |a 20061206d2006 m y0rusy50 ca 
101 0 |a rus 
102 |a RU 
105 |a a j 001zy 
200 1 |a Системный анализ и исследование операций  |e учебное пособие  |f Ю. Г. Черников  |g Московский государственный горный университет 
210 |a Москва  |c Изд-во МГГУ  |d 2006 
215 |a 376 с.  |c ил. 
225 1 |a Высшее горное образование 
320 |a Библиогр.: с. 366-370. 
330 |a Изложено введение в системный анализ и методологию исследования операций. Рассмотрены основные разделы исследования операций: линейное, целочисленное и динамическое программирование, теория игр и транспортные задачи линейного программирования. Приведены примеры решения задач с использованием современных пакетов прикладных программ, Java Applets и без их применения. Дано решение задач линейного программирования с использованием языка моделирования AMPL. Для студентов, обучающихся по направлениям 552800 и 230100 «Информатика и вычислительная техника» по специальности 230102 «Автоматизированные системы обработки информации и управления». 
610 1 |a системный анализ 
610 1 |a операции 
610 1 |a исследование 
610 1 |a методология 
610 1 |a двойственность 
610 1 |a транспортные задачи 
610 1 |a целочисленное линейное программирование 
610 1 |a динамическое программирование 
610 1 |a сетевые задачи 
610 1 |a стратегические матричные игры 
610 1 |a статические игры 
610 1 |a кооперативные игры 
610 1 |a программное обеспечение 
610 1 |a языки моделирования 
610 1 |a AMPL 
610 1 |a учебные пособия 
610 1 |a линейное программирование 
675 |a 681.51.012(075.8)  |v 3 
675 |a 519.8(075.8)  |v 3 
700 1 |a Черников  |b Ю. Г.  |g Юрий Георгиевич 
712 0 2 |a Московский государственный горный университет  |2 stltpush  |3 (RuTPU)RU\TPU\col\453 
801 1 |a RU  |b 63413507  |c 20061206  |g PSBO 
801 2 |a RU  |b 63413507  |c 20160115  |g PSBO 
900 |a Системный анализ 
900 |a Системный анализ и исследование операций 
900 |a Исследование операций 
942 |c BK 
951 |b 230100  |b 230102 
959 |a 69/20071008  |d 1  |e 425,00  |f АНЛ:1